Fr. Conceicao Rodrigues College of Engineering

Microprocessors Fundamentals (Record no. 34113)

MARC details
000 -LEADER
fixed length control field 00315nam a2200133Ia 4500
082 ## - DEWEY DECIMAL CLASSIFICATION NUMBER
Classification number 621.3
100 ## - MAIN ENTRY--PERSONAL NAME
Personal name Tokheim/R.L
245 ## - TITLE STATEMENT
Title Microprocessors Fundamentals
260 ## - PUBLICATION, DISTRIBUTION, ETC.
Name of publisher, distributor, etc. McGraw Hill.( Schaum''s)
Place of publication, distribution, etc. Singapore
Date of publication, distribution, etc. 1986
300 ## - PHYSICAL DESCRIPTION
Extent 378
546 ## - LANGUAGE NOTE
Language note ENGLISH
654 ## - SUBJECT ADDED ENTRY--FACETED TOPICAL TERMS
Focus term Micropressers Fundamentals
942 ## - ADDED ENTRY ELEMENTS (KOHA)
Koha item type BOOK
Holdings
Withdrawn status Lost status Damaged status Not for loan Collection Home library Current library Shelving location Date acquired Source of acquisition Cost, normal purchase price Inventory number Total Checkouts Full call number Barcode Date last seen Cost, replacement price Price effective from Koha item type
        AFT Fr. Agnel's C.Rodrigues College of Engineering Fr. Agnel's C.Rodrigues College of Engineering   17/03/2023 UBS 52.00 T-1069   621.3 AFT4863 17/03/2023 52.00 17/03/2023 BOOK
        AFT Fr. Agnel's C.Rodrigues College of Engineering Fr. Agnel's C.Rodrigues College of Engineering   17/03/2023 UBS 52.15 T-1069   621.3 AFT4864 17/03/2023 52.15 17/03/2023 BOOK